Lidé a země '86 Ročenka

Guardado en:
Detalles Bibliográficos
Formato: Libro
Lenguaje:checo
Publicado: Praha Academia 1985
Edición:1. vyd.
Etiquetas: Agregar Etiqueta
Sin Etiquetas, Sea el primero en etiquetar este registro!

MARC

LEADER 00000nam a2200000 4500
001 c022998
005 20250930111119.8
041 0 |a cze 
044 |a CZ 
245 1 0 |a Lidé a země '86  |b Ročenka 
250 |a 1. vyd. 
264 1 |a Praha  |b Academia  |c 1985 
300 |a 118 s.